Lipid oxidation in food /
Na minha lista:
| Corporate Authors: | , |
|---|---|
| Outros Autores: | |
| Formato: | Livro |
| Idioma: | inglês |
| Publicado em: |
Washington, DC
American Chemical Society
1992.
|
| Colecção: | ACS symposium series,
500 |
| Assuntos: | |
| Acesso em linha: | View in OPAC |
| Tags: |
Sem tags, seja o primeiro a adicionar uma tag!
|
MARC
| LEADER | 00000cam a2200000 a 4500 | ||
|---|---|---|---|
| 005 | 20260127134034.0 | ||
| 008 | 050517s1992 dcua b 101 0 eng | ||
| 010 | |a 92-019970 | ||
| 020 | |a 0841224617 | ||
| 035 | |a vtls008154465 | ||
| 035 | |a 3923062 | ||
| 039 | 9 | |y 200505171219 |z mschk03 | |
| 040 | |a STUSCHK1 |b slo |c STUSCHK1 | ||
| 082 | 0 | 0 | |a 664/.028 |2 20 |
| 245 | 0 | 0 | |a Lipid oxidation in food / |c Allen J. St. Angelo, editor. |
| 260 | |a Washington, DC |b American Chemical Society |c 1992. | ||
| 300 | |a xii, 364 p. |b ill. |c 24 cm. | ||
| 440 | 0 | |a ACS symposium series, |x 0097-6156 ; |v 500 | |
| 500 | |a "Developed from a symposium sponsored by the Division of Agricultural and Food Chemistry of the American Chemical Society at the Fourth Chemical Congress of North America (202nd National Meeting of the American Chemical Society), New York, New York, August 25-30, 1991." | ||
| 504 | |a Includes bibliographical references and indexes. | ||
| 650 | 0 | |a Lipids |x Oxidation |x Congresses. | |
| 650 | 0 | |a Food spoilage |x Congresses. | |
| 700 | 1 | |a St. Angelo, Allen J. | |
| 710 | 2 | |a American Chemical Society. |b Division of Agricultural and Food Chemistry. | |
| 710 | 2 | |a American Chemical Society. |b Meeting |n (202. : |d 1991 : |c New York, N.Y.) | |
| 906 | |a 7 |b cbc |c orignew |d 1 |e ocip |f 19 |g y-gencatlg | ||
| 910 | |a SCHK95 | ||
| 919 | |a 0-8412-2461-7 | ||
| 991 | |b c-GenColl |h TX553.L5 |i L56 1992 |t Copy 1 |w BOOKS | ||
| 999 | |c 2639 |d 2639 | ||